<?xml version="1.0" encoding="UTF-8"?>
<collection xmlns="http://www.loc.gov/MARC21/slim">
    <record>
        <controlfield tag="001">71028</controlfield>
        <controlfield tag="005">20180625091300.0</controlfield>
        <datafield tag="024" ind1="8" ind2=" ">
            <subfield code="2">sideral</subfield>
            <subfield code="a">82650</subfield>
        </datafield>
        <datafield tag="037" ind1=" " ind2=" ">
            <subfield code="a">ART-2013-82650</subfield>
        </datafield>
        <datafield tag="041" ind1=" " ind2=" ">
            <subfield code="a">fra</subfield>
        </datafield>
        <datafield tag="100" ind1=" " ind2=" ">
            <subfield code="0">(orcid)0000-0002-1809-8304</subfield>
            <subfield code="a">Gaspar-Galán, A.</subfield>
            <subfield code="u">Universidad de Zaragoza</subfield>
        </datafield>
        <datafield tag="245" ind1=" " ind2=" ">
            <subfield code="a">Le fonds de la Bibliothèque du Marquis de Roda (Real Seminario de San Carlos de Zaragoza) sur la langue française</subfield>
        </datafield>
        <datafield tag="260" ind1=" " ind2=" ">
            <subfield code="c">2013</subfield>
        </datafield>
        <datafield tag="506" ind1="0" ind2=" ">
            <subfield code="a">Access copy available to the general public</subfield>
            <subfield code="f">Unrestricted</subfield>
        </datafield>
        <datafield tag="520" ind1="3" ind2=" ">
            <subfield code="a">La biblioteca del marqués de Roda, ubicada en el Seminario de San Carlos en Zaragoza, posee una importantísima y heterogénea colección, adquirida esencialmente a partir de la segunda mitad del siglo XVIII. A pesar de su valor incalculable, las obras que integran sus fondos todavía no han sido catalogadas y no forman parte, por lo tanto, de los repertorios bibliográficos del patrimonio nacional, por lo que su desconocimiento es prácticamente general en el ámbito científico. Tras la realización una revisión exhaustiva de dichos fondos, presentamos una relación de las obras sobre la lengua francesa que se conservan en esta biblioteca (publicadas entre 1577 y 1896) con el fin de darlas a conocer a los investigadores del campo de la historiografía de la lengua francesa en España, ya que algunas de ellas constituyen ejemplares únicos en nuestro país.

Marqués de Roda library, located in San Carlos Seminar (Zaragoza, Spain) offers a most interesting and heterogeneous collection mostly acquired from the second half of the 18th century. Despite its incalculable value, the volumes which integrate this collection have not yet been catalogued and, consequently, are not included in the bibliographic repertoire of the national heritage. Therefore, these works remain practically unknown in the academic world. After a thorough review of the collection, we present a list of the volumes about French language found in this library (published between 1577-1896), with the aim of making them known to the researchers on French language historiography in Spain, since some of the works in this collection can be considered as unique in our country.</subfield>
        </datafield>
        <datafield tag="540" ind1=" " ind2=" ">
            <subfield code="9">info:eu-repo/semantics/openAccess</subfield>
            <subfield code="a">by</subfield>
            <subfield code="u">http://creativecommons.org/licenses/by/3.0/es/</subfield>
        </datafield>
        <datafield tag="655" ind1=" " ind2="4">
            <subfield code="a">info:eu-repo/semantics/article</subfield>
            <subfield code="v">info:eu-repo/semantics/publishedVersion</subfield>
        </datafield>
        <datafield tag="700" ind1=" " ind2=" ">
            <subfield code="0">(orcid)0000-0002-5827-8350</subfield>
            <subfield code="a">Corcuera-Manso, J.</subfield>
            <subfield code="u">Universidad de Zaragoza</subfield>
        </datafield>
        <datafield tag="710" ind1="2" ind2=" ">
            <subfield code="1">3003</subfield>
            <subfield code="2">335</subfield>
            <subfield code="a">Universidad de Zaragoza</subfield>
            <subfield code="b">Departamento de Filología Francesa</subfield>
            <subfield code="c">Filología Francesa</subfield>
        </datafield>
        <datafield tag="773" ind1=" " ind2=" ">
            <subfield code="g">9 (2013), 275-293</subfield>
            <subfield code="p">Çedille</subfield>
            <subfield code="t">CEDILLE-REVISTA DE ESTUDIOS FRANCESES</subfield>
            <subfield code="x">1699-4949</subfield>
        </datafield>
        <datafield tag="856" ind1="4" ind2="1">
            <subfield code="u">https://cedille.webs.ull.es/9/15gaspar-corcuera.pdf</subfield>
            <subfield code="z">Texto completo de la revista</subfield>
        </datafield>
        <datafield tag="856" ind1="4" ind2=" ">
            <subfield code="s">122567</subfield>
            <subfield code="u">http://zaguan.unizar.es/record/71028/files/texto_completo.pdf</subfield>
            <subfield code="y">Versión publicada</subfield>
        </datafield>
        <datafield tag="856" ind1="4" ind2=" ">
            <subfield code="s">72423</subfield>
            <subfield code="u">http://zaguan.unizar.es/record/71028/files/texto_completo.jpg?subformat=icon</subfield>
            <subfield code="x">icon</subfield>
            <subfield code="y">Versión publicada</subfield>
        </datafield>
        <datafield tag="909" ind1="C" ind2="O">
            <subfield code="o">oai:zaguan.unizar.es:71028</subfield>
            <subfield code="p">articulos</subfield>
            <subfield code="p">driver</subfield>
        </datafield>
        <datafield tag="951" ind1=" " ind2=" ">
            <subfield code="a">2018-06-25-07:55:54</subfield>
        </datafield>
        <datafield tag="980" ind1=" " ind2=" ">
            <subfield code="a">ARTICLE</subfield>
        </datafield>
    </record>

    
</collection>